00997 2200313 4500001002100000005001500021035002000036007000300056008004100059020002200100082001400122084001600136100003100152245012300183250003300306300004700339650002100386700003100407264003700438336002100475337003000496338002300526040002200549090002200571850001200593504003400605999002200639990002200661INLIS00000000088508120240319100904 a0010-0324000511ta240319s2023 yoia g | ind d a978-623-8082-09-404223a320.6 a320.6 NOV i0 aNovita TresianaePengarang10aImpelementasi kebijakan publik :bpentingnya kapital sosial dan koproduksi edisi 2 /cNovita Tresiana, Noverman Duadji aEdisi kedua: Cetakan I, 2023 axiv, 124 halaman :bgambar, tabel ;c24 cm 4aKebijakan publik0 aNoverman DuadjiePengarang31aYogyakarta :bSuluh Media,c2023 2rdacontentateks 2rdamediaatanpa perantara 2rdacarrieravolume aYOPDYOGbinderda aCB-D.11 2023-4255 aYOPDYOG aBibliografi : halaman 115-121 aCB-D.11/2023-4255 aCB-D.11/2023-4255